000 00618nam a2200229 i 4500
001 C2-0320732
003 PPAK
005 20180728120139.0
008 130110s1997 nyua|||| ||||| | eng d
020 _a1883013305
040 _aPPAK
_beng
_cPPAK
_erda
082 0 4 _a070.43
_223
090 0 0 _a070.43
_bTIM
_dR
245 0 0 _aTime annual the year in review 1997
264 1 _aNew York :
_bJack Haire ,
_c1997
300 _a170 pages :
_billustrations ;
_c28 cm
336 _2rdacontent
_atext
337 _2rdamedia
_aunmediated
338 _2rdacarrier
_avolume
650 1 0 _aTime - Periodicals
942 _ddc
_cB
999 _c121380
_d121380